[Event "SR 2. liga A 2005/2006"]
[Site "?"]
[Date "2006.01.15"]
[Round "41.2"]
[White "Chovanec, Vladimir"]
[Black "Oprea, Erik"]
[Result "0-1"]
[WhiteElo "2111"]
[BlackElo "2144"]
[PlyCount "102"]
[EventDate "2005.??.??"]

1. Nf3 g6 2. g3 Bg7 3. Bg2 e5 4. d3 d5 5. O-O h5 6. e4 d4 7. c3 Nc6 8. Qb3 Rb8
9. Ng5 Nh6 10. f4 exf4 11. Bxf4 O-O 12. c4 Ng4 13. Na3 Ne3 14. Rf2 Ne5 15. Bxe5
Bxe5 16. Nf3 Bg7 17. Nc2 Ng4 18. Rff1 c5 19. Rae1 Be6 20. a4 Ne5 21. Re2 a6 22.
Qa2 b6 23. Nce1 Ng4 24. Nc2 Qc7 25. b4 Rbd8 26. Rb1 Bh6 27. a5 Bxc4 28. axb6
Qxb6 29. Ree1 cxb4 30. Rxb4 Bb5 31. Qb3 Qc5 32. h3 Ne5 33. Nxe5 Qxe5 34. Rf1
Qxg3 35. Rf3 Qd6 36. Na3 Rc8 37. Nc4 Bxc4 38. Rxc4 Rb8 39. Qc2 Qa3 40. Ra4 Qd6
41. Qa2 Rb6 42. Ra5 Be3+ 43. Kh1 h4 44. Bf1 Kg7 45. Rd5 Qc7 46. Qa4 Rc6 47. e5
Qb7 48. Qa2 Rc1 49. Kh2 Rfc8 50. Qa5 R8c2+ 51. Kh1 Rc5 0-1

[Event "SR 2. liga A 2005/2006"]
[Site "?"]
[Date "2006.01.15"]
[Round "41.3"]
[White "Sturc, Gustav"]
[Black "Bednar, Jan"]
[Result "1-0"]
[WhiteElo "2103"]
[BlackElo "2175"]
[PlyCount "83"]
[EventDate "2005.??.??"]

1. e4 e5 2. Nf3 Nc6 3. Bb5 a6 4. Ba4 Nf6 5. O-O Be7 6. Bxc6 dxc6 7. Qe1 Nd7 8.
d4 exd4 9. Nxd4 O-O 10. c3 Ne5 11. Qe2 c5 12. Nf5 Bxf5 13. exf5 Bd6 14. f4 Nc6
15. Nd2 Qf6 16. g4 Rfe8 17. Qf2 Rad8 18. Nf3 b6 19. Be3 Re4 20. Ng5 Re7 21.
Rae1 Rde8 22. Bd2 c4 23. Kh1 Bc5 24. Qg2 Na5 25. Rxe7 Qxe7 26. Rd1 h6 27. Nf3
Rd8 28. Re1 Qd7 29. Bc1 Qa4 30. g5 hxg5 31. fxg5 Rd1 32. Qe2 Rxe1+ 33. Qxe1 Qc2
34. g6 Qxf5 35. Qe8+ Bf8 36. gxf7+ Qxf7 37. Qe4 Qe7 38. Qd5+ Qf7 39. Qe4 g6 40.
Kg2 Kg7 41. Qd4+ Qf6 42. Bh6+ 1-0

[Event "SR 2. liga A 2005/2006"]
[Site "?"]
[Date "2006.01.15"]
[Round "41.4"]
[White "Lauf, Pavol"]
[Black "Eged, Igor"]
[Result "0-1"]
[WhiteElo "2116"]
[BlackElo "2107"]
[PlyCount "84"]
[EventDate "2005.??.??"]

1. c4 c5 2. Nc3 Nf6 3. g3 d5 4. cxd5 Nxd5 5. Bg2 Nc7 6. b3 e5 7. Bb2 Be7 8. Rc1
f6 9. Nf3 Nc6 10. O-O Rb8 11. d3 Be6 12. e3 Qd7 13. Na4 Na6 14. d4 cxd4 15.
exd4 e4 16. Nd2 Bg4 17. f3 exf3 18. Nxf3 O-O 19. Nc5 Nxc5 20. dxc5 Rfd8 21. Qc2
Kh8 22. a3 b6 23. cxb6 Rxb6 24. Kh1 Bf5 25. Qc3 Bh3 26. Rcd1 Bxg2+ 27. Kxg2 Qb7
28. Rxd8+ Nxd8 29. b4 a5 30. Re1 axb4 31. axb4 Rxb4 32. Ba3 Re4 33. Rxe4 Qxe4
34. Bxe7 Qxe7 35. Nd4 g6 36. h4 Kg7 37. h5 Qe4+ 38. Kh2 Ne6 39. hxg6 Nxd4 40.
Qc7+ Kxg6 41. Qb8 Qe2+ 42. Kh3 Qf1+ 0-1

[Event "SR 2. liga A 2005/2006"]
[Site "?"]
[Date "2006.01.15"]
[Round "41.5"]
[White "Breja, Stanislav"]
[Black "Stefan, Oldrich"]
[Result "1/2-1/2"]
[WhiteElo "2091"]
[BlackElo "2080"]
[PlyCount "37"]
[EventDate "2005.??.??"]

1. e4 c5 2. c3 d5 3. exd5 Qxd5 4. d4 e5 5. dxe5 Qxe5+ 6. Be3 Nf6 7. Nf3 Qd6 8.
Bb5+ Bd7 9. Bxd7+ Nbxd7 10. Na3 a6 11. O-O Be7 12. Re1 O-O 13. g3 b5 14. Bf4
Qxd1 15. Raxd1 Rfe8 16. Ne5 Nxe5 17. Rxe5 Bf8 18. Nc2 Rad8 19. Rxd8 1/2-1/2

[Event "SR 2. liga A 2005/2006"]
[Site "?"]
[Date "2006.01.15"]
[Round "41.6"]
[White "Bury, Rastislav"]
[Black "Cambel, Vladimir"]
[Result "1-0"]
[WhiteElo "2047"]
[BlackElo "2080"]
[PlyCount "159"]
[EventDate "2005.??.??"]

1. Nf3 Nf6 2. g3 c5 3. Bg2 Nc6 4. O-O g6 5. Nc3 d5 6. d3 Bg7 7. e4 d4 8. Ne2
O-O 9. Nd2 e5 10. f4 Qc7 11. Nc4 b5 12. Nxe5 Nxe5 13. fxe5 Ng4 14. Nf4 Ne3 15.
Bxe3 dxe3 16. Nd5 Qxe5 17. Qe2 Be6 18. Nc3 b4 19. Nd1 Qg5 20. Kh1 Rad8 21. Re1
c4 22. dxc4 Rd2 23. Qxe3 Qxe3 24. Nxe3 Bxb2 25. Rad1 Rxd1 26. Rxd1 Rc8 27. Bf1
a5 28. Kg2 Kg7 29. Be2 Be5 30. Kf3 h5 31. Kf2 Bb8 32. Nd5 Ba7+ 33. Kg2 Bb8 34.
h3 Re8 35. Bd3 Bc8 36. Rf1 Be5 37. Nb6 Bb7 38. Kf3 f5 39. Re1 Bd4 40. Nd5 Bc6
41. Re2 fxe4+ 42. Rxe4 Rxe4 43. Bxe4 Bxd5 44. Bxd5 Kf6 45. Ke4 Be5 46. g4 hxg4
47. hxg4 g5 48. Bg8 Bc7 49. Kd5 Ke7 50. Kc6 Bd8 51. c5 Ke8 52. Be6 Be7 53. Kb6
Kd8 54. c6 Bd6 55. Kxa5 Kc7 56. Kb5 Be7 57. Bd7 Bd6 58. Kc4 Kb6 59. Kd5 Bf4 60.
Bc8 Bg3 61. Bb7 Bf4 62. Kc4 Bd6 63. c3 bxc3 64. Kxc3 Bg3 65. Kd4 Bf4 66. Kd5
Bg3 67. Bc8 Bf4 68. Bd7 Bg3 69. Ke6 Bf4 70. Kf5 Kc7 71. a4 Kb6 72. Kf6 Kc7 73.
a5 Kb8 74. a6 Kc7 75. Bc8 Kb6 76. Bb7 Be3 77. Kf5 Bf4 78. Ke6 Ka7 79. Kd7 Kb8
80. Ba8 1-0

[Event "SR 2. liga A 2005/2006"]
[Site "?"]
[Date "2006.01.15"]
[Round "41.8"]
[White "Macka, Oto"]
[Black "Hricak, Vasil"]
[Result "1-0"]
[WhiteElo "1956"]
[BlackElo "2032"]
[PlyCount "51"]
[EventDate "2005.??.??"]

1. e4 c5 2. Nf3 Nc6 3. d4 cxd4 4. Nxd4 d6 5. Nc3 Nf6 6. Bg5 e5 7. Ndb5 a6 8.
Na3 Be7 9. Nc4 b5 10. Bxf6 gxf6 11. Ne3 Nd4 12. Bd3 Be6 13. Ncd5 Bxd5 14. Nxd5
Ne6 15. a4 bxa4 16. Rxa4 Nc5 17. Ra3 Qb8 18. b4 Nxd3+ 19. Qxd3 Qb7 20. O-O O-O
21. Rfa1 Rfc8 22. Rxa6 Rxa6 23. Rxa6 Rxc2 24. Qxc2 Qxa6 25. Nxe7+ Kf8 26. Qc8+
1-0

[Event "SR 2. liga A 2005/2006"]
[Site "?"]
[Date "2006.01.15"]
[Round "42.1"]
[White "Polacik, Igor"]
[Black "Tepper, Frantisek"]
[Result "1/2-1/2"]
[WhiteElo "2056"]
[BlackElo "2182"]
[PlyCount "26"]
[EventDate "2005.??.??"]

1. e4 e5 2. Nc3 Nf6 3. Bc4 Nc6 4. d3 Na5 5. Nge2 Nxc4 6. dxc4 Be7 7. O-O O-O 8.
Ng3 d6 9. f4 exf4 10. Bxf4 c6 11. Kh1 Qb6 12. b3 Ng4 13. Qf3 Ne5 1/2-1/2

[Event "SR 2. liga A 2005/2006"]
[Site "?"]
[Date "2006.01.15"]
[Round "42.2"]
[White "Fabry, Robert"]
[Black "Slovik, Vojtech"]
[Result "1-0"]
[WhiteElo "2205"]
[BlackElo "2041"]
[PlyCount "111"]
[EventDate "2005.??.??"]

1. e4 e6 2. d4 d5 3. Nc3 Bb4 4. e5 c5 5. Bd2 a6 6. a3 cxd4 7. axb4 dxc3 8. Bxc3
Ne7 9. Bd3 Ng6 10. Nf3 Nf4 11. O-O Bd7 12. Re1 Nxd3 13. Qxd3 Bb5 14. Qe3 Nc6
15. Nd4 Nxd4 16. Bxd4 Rc8 17. Bc5 Rc6 18. Qg3 Rg8 19. c3 b6 20. Be3 Rc4 21. Bd4
Rc6 22. Qh3 h6 23. Re3 Qg5 24. Qf3 h5 25. b3 Qg4 26. Qxg4 hxg4 27. Rg3 Ke7 28.
Rxg4 Be2 29. Rg3 b5 30. Re3 Bh5 31. h3 Bg6 32. c4 bxc4 33. bxc4 dxc4 34. Rea3
Rgc8 35. Bc3 Be4 36. f3 Bd5 37. Rxa6 Rxa6 38. Rxa6 Rc7 39. Kf2 Rb7 40. Ke3 g6
41. Bd4 Rc7 42. Bc5+ Kd7 43. Kd4 Rc6 44. Ra3 Rc8 45. h4 Rb8 46. g3 Rc8 47. f4
Rc7 48. g4 Rc8 49. Ra7+ Rc7 50. Rxc7+ Kxc7 51. h5 gxh5 52. gxh5 c3 53. Kxc3 Be4
54. b5 Kb7 55. Kd4 Bf5 56. Ke3 1-0

[Event "SR 2. liga A 2005/2006"]
[Site "?"]
[Date "2006.01.15"]
[Round "42.3"]
[White "Tokos, Jozef"]
[Black "Janos, Jozef"]
[Result "0-1"]
[WhiteElo "2010"]
[BlackElo "2227"]
[PlyCount "59"]
[EventDate "2005.??.??"]

1. c4 c5 2. Nc3 Nc6 3. Nf3 g6 4. g3 Bg7 5. Bg2 e6 6. e3 Nge7 7. O-O O-O 8. d4
cxd4 9. exd4 d5 10. cxd5 exd5 11. Be3 h6 12. Qd2 Kh7 13. h4 Be6 14. Rad1 Bg4
15. Rde1 Qd7 16. Nh2 Be6 17. Ne2 Nf5 18. Nf3 Nxe3 19. Qxe3 Rfe8 20. Qd2 Bf5 21.
a3 Rad8 22. b4 Qd6 23. b5 Nb8 24. a4 Nd7 25. Nc3 Nb6 26. Rxe8 Rxe8 27. Re1
Rxe1+ 28. Nxe1 Qb4 29. Nc2 Qb2 30. Nxd5 {time} 0-1

[Event "SR 2. liga A 2005/2006"]
[Site "?"]
[Date "2006.01.15"]
[Round "42.4"]
[White "Hebelka, Milos"]
[Black "Magyar, Frantisek"]
[Result "0-1"]
[WhiteElo "2102"]
[BlackElo "1990"]
[PlyCount "137"]
[EventDate "2005.??.??"]

1. e4 c5 2. Nf3 d6 3. Bb5+ Nc6 4. O-O Bd7 5. d4 cxd4 6. Nxd4 Nf6 7. Nxc6 bxc6
8. Bd3 e5 9. c4 Be7 10. Nc3 O-O 11. b3 Ne8 12. Be3 Nc7 13. Qc2 h6 14. Rfd1 Ne6
15. Na4 c5 16. Nc3 Bc6 17. a3 Bg5 18. b4 Bxe3 19. fxe3 Qg5 20. Qd2 Rad8 21. b5
Bb7 22. Nd5 Rd7 23. a4 Nc7 24. Nxc7 Rxc7 25. Rf1 Qe7 26. a5 Rd7 27. a6 Ba8 28.
Qe2 Rb8 29. Rf3 Rdd8 30. Raf1 Rf8 31. Qf2 Rbd8 32. Qg3 Kh7 33. Rf5 Qe6 34. h4
f6 35. h5 Qe8 36. Qh4 Qe7 37. R5f2 Kg8 38. Rd2 Qe6 39. Bb1 Kh8 40. Rd5 Bxd5 41.
exd5 Qg8 42. Bf5 Rfe8 43. e4 Re7 44. Rf3 Qf7 45. Rg3 Rb8 46. Rg6 Qf8 47. Qe1
Rb6 48. Qd2 Rb8 49. Qe3 Rb6 50. Qh3 Rb8 51. Bd7 Rd8 52. Bc6 Rb8 53. Qf5 Rf7 54.
Rg3 Qc8 55. Qg6 Qc7 56. Ra3 Rbf8 57. g4 Re7 58. Kg2 Ref7 59. Qf5 Re7 60. Kg3
Ref7 61. Qf2 Qd8 62. Qd2 Qc7 63. Qa5 Qe7 64. b6 f5 65. exf5 e4 66. Qc3 Rxf5 67.
bxa7 Rf3+ 68. Qxf3 exf3 69. a8=Q 0-1

[Event "SR 2. liga A 2005/2006"]
[Site "?"]
[Date "2006.01.15"]
[Round "42.5"]
[White "Vrba, Michal"]
[Black "Mikulas, Dusan"]
[Result "1/2-1/2"]
[WhiteElo "1957"]
[BlackElo "2151"]
[PlyCount "41"]
[EventDate "2005.??.??"]

1. e4 e5 2. Nf3 Nc6 3. Bb5 a6 4. Ba4 Nf6 5. O-O Be7 6. Re1 b5 7. Bb3 O-O 8. c3
d5 9. exd5 Nxd5 10. d4 exd4 11. Nxd4 Nxd4 12. Qxd4 Be6 13. Nd2 c5 14. Qe4 Nf6
15. Qe2 Bxb3 16. Nxb3 Ra7 17. Be3 Qc8 18. Rad1 Qc6 19. Bg5 h6 20. Bf4 a5 21.
Nxa5 1/2-1/2

[Event "SR 2. liga A 2005/2006"]
[Site "?"]
[Date "2006.01.15"]
[Round "42.6"]
[White "Milanov, Jasen"]
[Black "Lutter, Ladislav"]
[Result "1-0"]
[WhiteElo "1988"]
[BlackElo "1992"]
[PlyCount "79"]
[EventDate "2005.??.??"]

1. c4 c5 2. Nc3 Nc6 3. g3 g6 4. Bg2 Bg7 5. e4 d6 6. Nge2 e6 7. O-O Nge7 8. d3
O-O 9. h3 Bd7 10. Kh2 a6 11. Be3 Nd4 12. Qd2 Bc6 13. Rab1 b5 14. b4 bxc4 15.
dxc4 Nxe2 16. Nxe2 cxb4 17. Rxb4 Qd7 18. Rd1 a5 19. Rb6 Nc8 20. Rxc6 Qxc6 21.
e5 Qa6 22. Bxa8 Qxa8 23. exd6 Rd8 24. c5 Qa6 25. Rb1 h5 26. h4 Rd7 27. Nc3 Kh7
28. Ne4 f6 29. Qc2 Qc6 30. Qc4 Nxd6 31. Nxd6 Rxd6 32. Rb6 Qd5 33. Qxd5 Rxd5 34.
Rxe6 Rd3 35. c6 Rc3 36. Bb6 Kg8 37. c7 Kf7 38. Rd6 Bf8 39. Rd8 Be7 40. c8=Q 1-0

[Event "SR 2. liga A 2005/2006"]
[Site "?"]
[Date "2006.01.15"]
[Round "42.7"]
[White "Kucera, Michal"]
[Black "Janecek, Jan"]
[Result "1/2-1/2"]
[WhiteElo "1988"]
[BlackElo "1990"]
[PlyCount "117"]
[EventDate "2005.??.??"]

1. e4 e5 2. Nf3 d6 3. d4 exd4 4. Nxd4 Nf6 5. Nc3 Bd7 6. Be2 Nc6 7. Be3 Be7 8.
O-O O-O 9. f4 Kh8 10. Bf3 a6 11. h3 Qe8 12. a3 Rb8 13. Qe1 Bd8 14. Qg3 Ne7 15.
e5 dxe5 16. fxe5 Nfg8 17. Be4 Nc6 18. Nxc6 Bxc6 19. Rf3 Bxe4 20. Nxe4 b6 21.
Raf1 h6 22. Bd4 Qe6 23. Bc3 Ne7 24. Qf2 Kg8 25. Re1 Ng6 26. Ng3 Bh4 27. Qe2 a5
28. Rd1 Rbd8 29. Rxd8 Rxd8 30. Nf5 Re8 31. Nxh4 Nxh4 32. Rd3 Ng6 33. Qd1 Nxe5
34. Rd5 f6 35. Bxe5 fxe5 36. Rd7 Qc4 37. Qd5+ Qxd5 38. Rxd5 Kf7 39. Rd7+ Re7
40. Rd2 Kf6 41. Kf2 Kf5 42. Ke3 g5 43. Rd8 c5 44. Rf8+ Kg6 45. Ke4 Rd7 46. Rf2
Re7 47. Kd5 e4 48. g4 e3 49. Re2 Kf6 50. Kc4 Re4+ 51. Kd3 Ke5 52. Rxe3 c4+ 53.
Ke2 a4 54. Kf3 Rxe3+ 55. Kxe3 Kd5 56. c3 Ke5 57. Kf3 Kd5 58. Ke3 b5 59. Kf3
1/2-1/2

[Event "SR 2. liga A 2005/2006"]
[Site "?"]
[Date "2006.01.15"]
[Round "42.8"]
[White "Kuna, Vladimir"]
[Black "Nagy, Edmund"]
[Result "1-0"]
[WhiteElo "2094"]
[BlackElo "1985"]
[PlyCount "95"]
[EventDate "2005.??.??"]

1. d4 Nf6 2. Nf3 c5 3. g3 g6 4. Bg2 Bg7 5. O-O cxd4 6. Nxd4 O-O 7. Nc3 Nc6 8.
Nb3 d6 9. e4 Ne5 10. Bg5 Nc4 11. Bc1 Qc7 12. Qe2 Be6 13. Nd4 Bg4 14. Qd3 a6 15.
h3 Bd7 16. b3 Ne5 17. Qe3 Qc8 18. g4 e6 19. Bb2 Bc6 20. Nxc6 bxc6 21. Na4 Ned7
22. Rad1 d5 23. e5 Ne8 24. Ba3 Bxe5 25. Bxf8 Kxf8 26. Nb6 Nxb6 27. Qxe5 Kg8 28.
Rfe1 Nd7 29. Qe2 Nef6 30. c4 Qc7 31. cxd5 exd5 32. Qc2 Qb6 33. g5 Nh5 34. Re7
Nf8 35. Qc3 Ne6 36. Qf3 Nhf4 37. Qe3 Qd8 38. Rb7 Qxg5 39. Qf3 Nc5 40. Rb4 Nfd3
41. Rxd3 Nxd3 42. Qxd3 Re8 43. Qg3 Re1+ 44. Kh2 Qd2 45. Rb8+ Kg7 46. Rb7 Re2
47. Qf3 Re1 48. Rxf7+ 1-0

[Event "SR 2. liga A 2005/2006"]
[Site "?"]
[Date "2006.02.11"]
[Round "43.1"]
[White "Rohacek, Miroslav"]
[Black "Slovik, Vojtech"]
[Result "1-0"]
[WhiteElo "2234"]
[BlackElo "2041"]
[PlyCount "55"]
[EventDate "2005.??.??"]

1. c4 e6 2. g3 d5 3. Bg2 Nf6 4. Nf3 Bd7 5. Qb3 dxc4 6. Qxc4 Bc6 7. O-O Nbd7 8.
Qc2 Be7 9. Nc3 Nb6 10. e4 h6 11. Ne5 Bd7 12. d4 Bb4 13. Rd1 O-O 14. Bf4 Bxc3
15. Qxc3 Bb5 16. b3 a5 17. a4 Be8 18. Bc1 Kh8 19. Ba3 Rg8 20. Rac1 c6 21. h3
Nbd7 22. Nd3 Rc8 23. d5 exd5 24. exd5 Nb6 25. dxc6 Bxc6 26. Nc5 Qxd1+ 27. Rxd1
Bxg2 28. Qxa5 1-0

[Event "SR 2. liga A 2005/2006"]
[Site "?"]
[Date "2006.02.11"]
[Round "43.2"]
[White "Magyar, Frantisek"]
[Black "Machalova, Veronika"]
[Result "1/2-1/2"]
[WhiteElo "1990"]
[BlackElo "2222"]
[PlyCount "83"]
[EventDate "2005.??.??"]

1. d4 Nf6 2. Nf3 b6 3. c4 e6 4. Bg5 Bb7 5. e3 h6 6. Bxf6 Qxf6 7. a3 c5 8. Nc3
cxd4 9. Nxd4 Na6 10. Qc2 Be7 11. O-O-O O-O 12. Rg1 Nc5 13. Kb1 Rac8 14. e4 Rfd8
15. g3 d5 16. exd5 exd5 17. cxd5 Bxd5 18. Bh3 Be6 19. Nxe6 Nxe6 20. Rxd8+ Rxd8
21. Bxe6 Qxe6 22. Rd1 Rxd1+ 23. Nxd1 Bc5 24. Qd2 Qf5+ 25. Ka2 a5 26. Ne3 Qe6+
27. b3 Qe7 28. Nc4 Kh7 29. h4 Qf6 30. f4 Qg6 31. Qg2 Qf5 32. Qe2 Qg6 33. g4 Qf6
34. Qe4+ g6 35. h5 Qd4 36. hxg6+ fxg6 37. Qb7+ Kg8 38. Qc8+ Kh7 39. Qb7+ Kg8
40. Qc8+ Kh7 41. Qb7+ Qg7 42. Qc6 1/2-1/2

[Event "SR 2. liga A 2005/2006"]
[Site "?"]
[Date "2006.02.11"]
[Round "43.3"]
[White "Machalova, Maria"]
[Black "Vrba, Michal"]
[Result "1-0"]
[WhiteElo "2140"]
[BlackElo "1957"]
[PlyCount "49"]
[EventDate "2005.??.??"]

1. c4 Nf6 2. Nc3 g6 3. d4 d5 4. Nf3 Bg7 5. cxd5 Nxd5 6. e4 Nb6 7. Be3 Bg4 8.
Be2 O-O 9. Qd2 Bxf3 10. gxf3 e5 11. d5 f5 12. exf5 Rxf5 13. O-O-O c6 14. d6
N8d7 15. Ne4 Kh8 16. h4 Nd5 17. h5 Rxh5 18. Rxh5 gxh5 19. Rg1 Nxe3 20. Qxe3 Qf8
21. Kc2 Nf6 22. Ng5 Bh6 23. Qxe5 Re8 24. Ne6 Qf7 25. d7 1-0

[Event "SR 2. liga A 2005/2006"]
[Site "?"]
[Date "2006.02.11"]
[Round "43.4"]
[White "Lutter, Ladislav"]
[Black "Kleman, Miroslav"]
[Result "0-1"]
[WhiteElo "1961"]
[BlackElo "2177"]
[PlyCount "82"]
[EventDate "2005.??.??"]

1. d4 d5 2. c4 e6 3. Nc3 Nf6 4. Bf4 Be7 5. e3 O-O 6. Nf3 a6 7. a3 Nbd7 8. c5
Nh5 9. Bg3 c6 10. Bd3 h6 11. b4 Re8 12. Be5 Nhf6 13. h3 Nxe5 14. dxe5 Nd7 15.
Ne2 Qc7 16. O-O Nxe5 17. Nxe5 Qxe5 18. Qc2 Bf6 19. Rab1 Qg5 20. f4 Qh4 21. Rf3
Bd8 22. Kh2 Bc7 23. Rbf1 f5 24. Nd4 Bd7 25. g3 Qf6 26. Kg2 g6 27. g4 Re7 28.
Rg3 Kh8 29. g5 hxg5 30. Rxg5 e5 31. Nxf5 Bxf5 32. Bxf5 gxf5 33. Rxf5 Rg8+ 34.
Kh1 Qh4 35. Qh2 Rh7 36. Rg5 Rxg5 37. fxg5 Qe4+ 38. Kg1 Qxe3+ 39. Kg2 Qxg5+ 40.
Kh1 Qh6 41. Kg2 e4 0-1

[Event "SR 2. liga A 2005/2006"]
[Site "?"]
[Date "2006.02.11"]
[Round "43.5"]
[White "Machalova, Erika"]
[Black "Kucera, Michal"]
[Result "1-0"]
[WhiteElo "2056"]
[BlackElo "1988"]
[PlyCount "59"]
[EventDate "2005.??.??"]

1. d4 Nf6 2. Bg5 d5 3. Nf3 h6 4. Bxf6 exf6 5. e3 c6 6. Bd3 Bd6 7. Nbd2 O-O 8.
O-O a5 9. e4 dxe4 10. Nxe4 Bc7 11. c3 Bg4 12. Ned2 Nd7 13. Qc2 Re8 14. h3 Be6
15. c4 Nf8 16. Rfd1 Qe7 17. Ne4 b6 18. Nc3 Rac8 19. Qa4 Bb8 20. Re1 Qb7 21.
Rad1 Red8 22. Be4 f5 23. Bb1 g5 24. Nh2 g4 25. hxg4 fxg4 26. d5 Bd7 27. Qc2
cxd5 28. Nxd5 Bxh2+ 29. Kxh2 Qc6 30. Ne7+ 1-0

[Event "SR 2. liga A 2005/2006"]
[Site "?"]
[Date "2006.02.11"]
[Round "43.6"]
[White "Nagy, Edmund"]
[Black "Varga, David"]
[Result "0-1"]
[WhiteElo "1985"]
[BlackElo "2093"]
[PlyCount "56"]
[EventDate "2005.??.??"]

1. d4 Nf6 2. c4 c5 3. d5 b5 4. cxb5 a6 5. Nc3 axb5 6. Nxb5 Ba6 7. Nc3 d6 8. Nf3
g6 9. g3 Bg7 10. Bg2 Nbd7 11. O-O Nb6 12. Re1 Nfd7 13. Qc2 Nc4 14. b3 Qa5 15.
bxc4 Qxc3 16. Qxc3 Bxc3 17. Bd2 Bxa1 18. Rxa1 Bxc4 19. a4 Bxe2 20. Bc3 O-O 21.
a5 Rfb8 22. Nd2 Bd3 23. f4 c4 24. Bf1 Bxf1 25. Kxf1 Rb5 26. Ke2 Rxd5 27. Nxc4
Rc5 28. Ra4 d5 0-1

[Event "SR 2. liga A 2005/2006"]
[Site "?"]
[Date "2006.02.11"]
[Round "43.7"]
[White "Antol, Ladislav"]
[Black "Priam, Stefan"]
[Result "0-1"]
[WhiteElo "2046"]
[BlackElo "1968"]
[PlyCount "110"]
[EventDate "2005.??.??"]

1. e4 c5 2. Nf3 d6 3. d4 cxd4 4. Nxd4 Nf6 5. Nc3 a6 6. Be2 e6 7. O-O Be7 8. Qe1
Nc6 9. Be3 O-O 10. Rd1 e5 11. Nb3 Be6 12. f4 Ng4 13. Bxg4 Bxg4 14. Rd2 Be6 15.
Nd5 Bxd5 16. exd5 exf4 17. Bxf4 Nb8 18. Nd4 Re8 19. Re2 Nd7 20. Nf5 Bf8 21. Qg3
g6 22. Rxe8 Qxe8 23. Nxd6 Bxd6 24. Bxd6 Qe4 25. Qf3 f5 26. Qxe4 fxe4 27. c4 Rc8
28. Rc1 Nb6 29. c5 Nxd5 30. Rd1 Nf6 31. Rd4 Rd8 32. Be5 Rxd4 33. Bxd4 Nd5 34.
a3 Kf7 35. Kf1 Ke6 36. g4 Nf4 37. b4 Kd5 38. Be3 Nd3 39. Ke2 Ne5 40. h3 Nc4 41.
Bc1 Kd4 42. a4 Kd5 43. Kf2 a5 44. bxa5 Kxc5 45. a6 bxa6 46. Kg3 Kd4 47. Kf4 e3
48. Bxe3+ Nxe3 49. Kg5 Nd5 50. Kh6 Nf6 51. g5 Ne4 52. h4 Ke5 53. Kxh7 Kf5 54.
Kh6 a5 55. h5 gxh5 0-1

[Event "SR 2. liga A 2005/2006"]
[Site "?"]
[Date "2006.02.11"]
[Round "43.8"]
[White "Halasz, Michal"]
[Black "Helbich, Branislav"]
[Result "0-1"]
[WhiteElo "1902"]
[BlackElo "2070"]
[PlyCount "148"]
[EventDate "2005.??.??"]

1. Nf3 Nf6 2. c4 g6 3. d4 Bg7 4. Nc3 O-O 5. e4 d6 6. Bg5 Bg4 7. Be2 c6 8. O-O
Qc7 9. h3 Be6 10. Qd2 Rd8 11. Rac1 a5 12. a3 Na6 13. Rfe1 Ne8 14. Bd3 b6 15.
Be3 Qb7 16. Qe2 Bc8 17. Na4 c5 18. d5 Nb8 19. Nc3 Nd7 20. Qd2 Ne5 21. Nxe5 dxe5
22. Ne2 Nd6 23. Ng3 Ra7 24. a4 e6 25. b3 Qe7 26. f3 Bf6 27. Nf1 Bh4 28. Bf2 Bf6
29. Nh2 Bg7 30. Be3 exd5 31. exd5 f5 32. Bg5 Bf6 33. Bxf6 Qxf6 34. Qc3 Re7 35.
Re2 Kg7 36. Rce1 Rde8 37. Nf1 f4 38. Nd2 Bf5 39. Ne4 Bxe4 40. Bxe4 Qg5 41. Bd3
Qf6 42. Qb2 Nf7 43. Bb1 Qd6 44. Qc2 Nh6 45. Qc3 Ng8 46. Kh2 Nf6 47. Be4 Nh5 48.
Rg1 Qf6 49. Qe1 Ng3 50. Ra2 Rd8 51. Qb1 Rd6 52. Qd3 Qg5 53. Re1 Qh4 54. Qc3 Kf6
55. Bb1 Qg5 56. Qb2 Kf7 57. Be4 Qf6 58. Bb1 h5 59. Qc2 Nf5 60. Qf2 Nd4 61. Rb2
g5 62. Be4 Re8 63. Rg1 g4 64. Kh1 Rg8 65. Rbb1 Qe7 66. Rb2 Rg7 67. Rbb1 Rh6 68.
Rb2 Rh8 69. Rbb1 Kf8 70. Bc2 Rhg8 71. Rbe1 gxh3 72. gxh3 Rg3 73. Rxg3 Rxg3 74.
Be4 Qh4 0-1

[Event "SR 2. liga A 2005/2006"]
[Site "?"]
[Date "2006.02.11"]
[Round "44.1"]
[White "Skreno, Vladimir"]
[Black "Oprea, Erik"]
[Result "1/2-1/2"]
[WhiteElo "2194"]
[BlackElo "2144"]
[PlyCount "67"]
[EventDate "2005.??.??"]

1. d4 d6 2. Nf3 c6 3. c4 g6 4. Nc3 Bg7 5. e4 Qc7 6. Be2 e5 7. O-O Bg4 8. Be3
Nf6 9. dxe5 dxe5 10. Bc5 Bxf3 11. Bxf3 Nbd7 12. Bd6 Qd8 13. Qb3 Qc8 14. Rfd1 h5
15. Rd3 g5 16. Rad1 g4 17. Be2 b6 18. a4 Qb7 19. c5 Bf8 20. cxb6 axb6 21. Qb4
Nc5 22. R3d2 Nfd7 23. Bc4 f6 24. b3 O-O-O 25. Be2 Ne6 26. a5 Nd4 27. axb6 Bxd6
28. Qxd6 Nxe2+ 29. Nxe2 Qxb6 30. Qe6 Rh7 31. Ng3 Qa6 32. Nf5 Kc7 33. Qd6+ Kb7
34. Ne7 {
zvysok partie sa neda zrekonstruovat, oba zapisy su totalne necitatelne.}
1/2-1/2

[Event "SR 2. liga A 2005/2006"]
[Site "?"]
[Date "2006.02.11"]
[Round "44.2"]
[White "Eged, Igor"]
[Black "Bisco, Igor"]
[Result "1/2-1/2"]
[WhiteElo "2107"]
[BlackElo "2110"]
[PlyCount "49"]
[EventDate "2005.??.??"]

1. c4 Nf6 2. g3 g6 3. Bg2 Bg7 4. Nc3 O-O 5. d4 d6 6. Nf3 Nc6 7. d5 Na5 8. Qd3
e6 9. O-O exd5 10. cxd5 b6 11. Nd4 Re8 12. Re1 Ng4 13. h3 Ne5 14. Qd1 a6 15. e3
g5 16. b3 g4 17. hxg4 Bxg4 18. Qc2 Qf6 19. Bb2 Qg6 20. Qxg6 hxg6 21. f3 Bd7 22.
Rad1 Nb7 23. Kf2 Nc5 24. Bf1 Bf6 25. Ba1 1/2-1/2

[Event "SR 2. liga A 2005/2006"]
[Site "?"]
[Date "2006.02.11"]
[Round "44.3"]
[White "Cvicela, Anton"]
[Black "Breja, Stanislav"]
[Result "1-0"]
[WhiteElo "2186"]
[BlackElo "2091"]
[PlyCount "87"]
[EventDate "2005.??.??"]

1. e4 e5 2. Nf3 Nf6 3. Nc3 Bb4 4. Nxe5 d6 5. Nd3 Bxc3 6. dxc3 Nxe4 7. Be2 O-O
8. Be3 Be6 9. Nf4 Bf5 10. c4 Nd7 11. g4 Be6 12. Qd4 Nec5 13. g5 Bf5 14. Nh5 Ne6
15. Qd2 Ndc5 16. f3 Re8 17. O-O-O Bg6 18. Ng3 f5 19. gxf6 Qxf6 20. h4 a5 21. h5
Bf7 22. Rhg1 a4 23. a3 Ra6 24. Ne4 Nxe4 25. fxe4 c5 26. Rdf1 Qe5 27. Rf5 Qxe4
28. Bd3 Qh4 29. Bh6 Bxh5 30. Bxg7 Nxg7 31. Rfg5 Bg6 32. Bxg6 hxg6 33. Rxg6 Re7
34. Qg2 Re1+ 35. Kd2 Rxg1 36. Rxg7+ Kh8 37. Rg8+ Kh7 38. Qxg1 Qh6+ 39. Kd1 d5
40. cxd5 Rf6 41. Rg2 Qh5+ 42. Kc1 Qxd5 43. Qh2+ Rh6 44. Qc7+ 1-0

[Event "SR 2. liga A 2005/2006"]
[Site "?"]
[Date "2006.02.11"]
[Round "44.4"]
[White "Cambel, Vladimir"]
[Black "Krajcovic, Branislav"]
[Result "0-1"]
[WhiteElo "2080"]
[BlackElo "2130"]
[PlyCount "70"]
[EventDate "2005.??.??"]

1. c4 e6 2. g3 Nf6 3. Bg2 d5 4. e3 Be7 5. Ne2 O-O 6. b3 Nbd7 7. Nbc3 dxc4 8.
bxc4 Ne5 9. d4 Nxc4 10. O-O c6 11. Rb1 Nb6 12. e4 c5 13. d5 exd5 14. exd5 Bf5
15. Rb5 Qd7 16. Nf4 Bd6 17. a4 Rab8 18. Be3 Qc7 19. h3 Nc4 20. Rb3 a6 21. Bc1
Rfe8 22. Nd3 Ne4 23. g4 Bg6 24. Nxe4 Bxe4 25. Qc2 Bxg2 26. Kxg2 Ne5 27. Nxe5
Rxe5 28. Rd1 Re7 29. Qc4 Rbe8 30. Be3 Re4 31. Qc2 c4 32. Rbb1 Qd7 33. a5 f5 34.
gxf5 Qxf5 35. Rh1 Rg4+ 0-1

[Event "SR 2. liga A 2005/2006"]
[Site "?"]
[Date "2006.02.11"]
[Round "44.5"]
[White "Lahucky, Pavol"]
[Black "Isa, Vlastimil"]
[Result "0-1"]
[WhiteElo "2107"]
[BlackElo "1974"]
[PlyCount "68"]
[EventDate "2005.??.??"]

1. c4 c5 2. Nc3 d6 3. e4 Nf6 4. d3 Nc6 5. Be2 g6 6. h4 h5 7. Bg5 Bg7 8. Qd2 a6
9. O-O-O b5 10. Rf1 b4 11. Nb1 a5 12. Bd1 a4 13. Ne2 Bg4 14. f3 Be6 15. Be3 Nd7
16. a3 Nce5 17. f4 Ng4 18. Bg1 f5 19. exf5 Bxf5 20. Ng3 Nh6 21. Re1 Qa5 22. Bf3
Rb8 23. Qe2 Bf6 24. Ne4 Bxe4 25. Qxe4 Nf5 26. Bf2 bxa3 27. bxa3 Qb6 28. Nd2
Qb2+ 29. Kd1 Bc3 30. Be3 Qxa3 31. g4 Ng3 32. Qxg6+ Kd8 33. Bd5 Qa1+ 34. Kc2
Qb2+ 0-1